| 000 | 00793nam a2200289 a 4500 | ||
|---|---|---|---|
| 003 | AR-BaBNM | ||
| 005 | 20251128203447.0 | ||
| 008 | 082120s2002 ||||||||||||||000 | spa|| | ||
| 040 | _cAR-BaBNM | ||
| 100 | 1 | _aAragon, Louis | |
| 245 | 0 | 0 |
_aHistoria paralela de los Estados Unidos y la Unión Soviética _bla Unión Soviética [1917-1960]. 1 |
| 260 |
_aBuenos Aires _bEmecé _c1965 |
||
| 300 |
_a364 p. _bil., láms. |
||
| 490 | 0 | _aSerie de obras contemporáneas | |
| 650 | 4 | _aCIENCIAS POLITICAS | |
| 650 | 4 | _aHISTORIA POLITICA | |
| 650 | 4 | _aHISTORIA SOCIAL | |
| 650 | 4 | _aHISTORIA ECONOMICA | |
| 650 | 4 | _aGUERRA | |
| 650 | 4 | _aCOMUNISMO | |
| 650 | 4 | _aECONOMIA | |
| 651 | 4 | _aPolonia | |
| 651 | 4 | _aURSS | |
| 700 | 1 |
_aBixio, Roberto _etraductor |
|
| 942 | _cBK | ||
| 998 | _cmariana | ||
| 999 |
_c3489 _d3489 |
||